000 00589cam a22002053a 4500
001 33989
003 PGUSA
005 20140828083732.0
008 100924s2010||||xxu|||||s|||||000 | eng d
040 _aPGUSA
_beng
042 _adc
100 1 _aBrame, Charlotte M.,
_d1836-1884
245 1 0 _aLove Works Wonders :
_bA Novel
_h[electronic resource] /
_cCharlotte M. Brame
260 _bProject Gutenberg,
_c2010
506 _aPublic domain in the USA.
516 _aElectronic text
830 0 _aProject Gutenberg
_v33989
856 4 0 _uhttp://www.gutenberg.org/ebooks/33989
942 _cEB
999 _c263244
_d263244